| 000 | 01241nam0a22002651 4500 | ||
|---|---|---|---|
| 001 | rc\3932605 | ||
| 005 | 20130415112716.3 | ||
| 021 |
_aRU _b[51-27444] |
||
| 035 | _a(NLR Aleph) 008033503 | ||
| 090 |
_a8836085 _c8836085 |
||
| 100 | _a20130415d1951 |||y0rusy50 ca | ||
| 101 | 0 | _arus | |
| 102 | _aRU | ||
| 105 | _aa z ||||| | ||
| 200 | 1 |
_aНормы удельного расхода электроэнергии на работы по закладке выработанного пространства на шахтах Кузбасса _fМ-во угольной пром-сти СССР. Техн. упр. по эксплуатации. Бюро техн. информации |
|
| 210 |
_aМосква _cУглетехиздат _d1951 |
||
| 215 |
_a16 с. _cчерт. _d22 |
||
| 606 |
_aГорные выработки _xЗакладка выработанного пространства _xНормы расхода электроэнергии _2psbo |
||
| 700 | 1 |
_aАвербух _bИ. Д. _gИсаак Давыдович |
|
| 701 | 1 |
_aВолотковский _bС. А. _gСергей Андроникович |
|
| 801 | 0 |
_aRU _bNLR _gpsbo |
|
| 801 | 1 |
_aRU _bELAR _2rusmarc |
|
| 852 |
_aNLR _jТ26 Г-6/794 |
||
| 942 | _cBOOK | ||
| 980 | _aNB | ||